The Dead Sea scrolls uncovered : (Record no. 9842)
[ view plain ]
| 000 -LEADER | |
|---|---|
| fixed length control field | 01101nam a2200289Ia 4500 |
| 001 - CONTROL NUMBER | |
| control field | 32186807 |
| 003 - CONTROL NUMBER IDENTIFIER | |
| control field | OCoLC |
| 005 - DATE AND TIME OF LATEST TRANSACTION | |
| control field | 20210204163136.0 |
| 008 - FIXED-LENGTH DATA ELEMENTS--GENERAL INFORMATION | |
| fixed length control field | 950322s1994 nyua b 001 0 eng d |
| 020 ## - INTERNATIONAL STANDARD BOOK NUMBER | |
| International Standard Book Number | 156619623X |
| 040 ## - CATALOGING SOURCE | |
| Original cataloging agency | SAD |
| Transcribing agency | SAD |
| 050 ## - LIBRARY OF CONGRESS CALL NUMBER | |
| Item number | EI36D |
| 082 ## - DEWEY DECIMAL CLASSIFICATION NUMBER | |
| Item number | EI36D |
| 090 ## - LOCALLY ASSIGNED LC-TYPE CALL NUMBER (OCLC); LOCAL CALL NUMBER (RLIN) | |
| Classification number (OCLC) (R) ; Classification number, CALL (RLIN) (NR) | BM488.5 |
| Local cutter number (OCLC) ; Book number/undivided call number, CALL (RLIN) | .A3 1994 |
| 090 ## - LOCALLY ASSIGNED LC-TYPE CALL NUMBER (OCLC); LOCAL CALL NUMBER (RLIN) | |
| Classification number (OCLC) (R) ; Classification number, CALL (RLIN) (NR) | BM488.5 |
| Local cutter number (OCLC) ; Book number/undivided call number, CALL (RLIN) | .A3 1994 |
| 130 0# - MAIN ENTRY--UNIFORM TITLE | |
| Uniform title | Dead Sea scrolls. |
| Number of part/section of a work | 4Q. |
| Form subheading | Selections |
| 245 14 - TITLE STATEMENT | |
| Title | The Dead Sea scrolls uncovered : |
| Remainder of title | the first complete translation and interpretation of 50 key documents withheld for over 35 years / |
| Statement of responsibility, etc. | Robert H. Eisenman and Michael Wise |
| 260 ## - PUBLICATION, DISTRIBUTION, ETC. | |
| Place of publication, distribution, etc. | New York : |
| Name of publisher, distributor, etc. | Barnes & Noble, |
| Date of publication, distribution, etc. | c1994 |
| 300 ## - PHYSICAL DESCRIPTION | |
| Extent | ix, 286 p., [16] p. of plates : |
| Other physical details | ill. ; |
| Dimensions | 24 cm |
| 500 ## - GENERAL NOTE | |
| General note | Text of scrolls in Aramaic and Hebrew with translation into English; introductions in English |
| 504 ## - BIBLIOGRAPHY, ETC. NOTE | |
| Bibliography, etc. note | Includes bibliographical references and index |
| 630 00 - SUBJECT ADDED ENTRY--UNIFORM TITLE | |
| Uniform title | Dead Sea scrolls. |
| Number of part/section of a work | 4Q |
| General subdivision | Criticism, interpretation, etc |
| 700 1# - ADDED ENTRY--PERSONAL NAME | |
| Personal name | Eisenman, Robert H |
| 700 1# - ADDED ENTRY--PERSONAL NAME | |
| Personal name | Wise, Michael Owen, |
| Dates associated with a name | 1954- |
| 730 02 - ADDED ENTRY--UNIFORM TITLE | |
| Uniform title | Dead Sea scrolls. |
| Number of part/section of a work | 4Q. |
| Form subheading | Selections. |
| Language of a work | English. |
| Date of a work | 1992 |
| 942 ## - ADDED ENTRY ELEMENTS (KOHA) | |
| Source of classification or shelving scheme | Dewey Decimal Classification |
| Koha item type | Books |
No items available.
